Daňové systémy

Salvato in:
Dettagli Bibliografici
Autore principale: Lénártová, Gizela
Ente Autore: Ekonomická univerzita v Bratislave. Fakulta podnikového manažmentu
Altri autori: Vlachynský, Karol, Troják, Jan
Natura: Libro
Lingua:slovacco
Pubblicazione: Bratislava Vydavateľstvo EKONÓM 2004
Soggetti:
Tags: Aggiungi Tag
Nessun Tag, puoi essere il primo ad aggiungerne!!

MARC

LEADER 00000nam$a2200000$$$4500
001 0007059
005 20240502071351.6
020 |a 80-225-1742-9 
020 |a 978-80-225-2720-0 
041 0 |a slo 
044 |a SK 
245 1 0 |a Daňové systémy  |c Gizela Lénártová 
264 1 |a Bratislava  |b Vydavateľstvo EKONÓM  |c 2004 
300 |a 264 s. 
610 2 0 |a systémy daňové 
610 2 0 |a legislatíva 
610 2 0 |a kontrola daňová 
610 2 0 |a náklady priame 
610 2 0 |a náklady nepriame 
610 2 0 |a spravodlivosť daňová 
610 2 0 |a zdaňovanie 
100 1 |a Lénártová, Gizela 
700 1 |a Vlachynský, Karol 
700 1 |a Troják, Jan 
710 2 |a Ekonomická univerzita v Bratislave. Fakulta podnikového manažmentu